Molding sands of Alabama : with annotated lists of the foundries in Alabama and the producers of washed sand and gravel /

Saved in:
Bibliographic Details
Main Author: Adams, George I.
Format: Book
Language:English
Published: Alabama : University of Alabama, Geological Survey of Alabama, 1929.
Series:Bulletin (Geological Survey of Alabama) ; 35.
Subjects:
LEADER 01106nam a2200265 a 4500
001 c000169082
003 CARM
005 19961210000000.0
008 961211s1929 aluab 000 0 eng d
019 1 |a 12855873  |5 LACONCORD2021 
035 |a (OCoLC)1062222  |5 LACONCORD2021 
040 |a VU  |b eng  |c VU 
043 |a n-us-al 
082 0 4 |a 553.62209761  |2 20 
100 1 |a Adams, George I. 
245 1 0 |a Molding sands of Alabama :  |b with annotated lists of the foundries in Alabama and the producers of washed sand and gravel /  |c by George I. Adams. 
260 |a Alabama :  |b University of Alabama, Geological Survey of Alabama,  |c 1929. 
300 |a 94 p. :  |b ill., map ;  |c 23 cm. 
490 1 |a Bulletin /Geological survey of Alabama ;  |v no. 35. 
650 0 |a Sand, Foundry  |z Alabama. 
650 0 |a Foundries  |z Alabama. 
830 0 |a Bulletin (Geological Survey of Alabama) ;  |v 35. 
852 8 |b CARM  |h A2:AJ10B0  |i B05232  |p 0225615  |f BK 
999 f f |i 8ff7c382-d38e-5433-98ae-79fc9e3ffff2  |s 2394ae3c-04ff-5a47-b304-9c44eaaf6620 
952 f f |p Can circulate  |a CAVAL  |b CAVAL  |c CAVAL  |d CARM 1 Store  |e B05232  |f A2:AJ10B0  |h Other scheme  |i book  |m 0225615